Manche - mort subite - Statistiques

Statistiques générales
  • Ce quiz a été pris 20 fois
    3 depuis la dernière actualisation
  • Le résultat moyen est 14 sur 18
Answers on the Grid
Answers color-coded by a green-red scale on the quiz's grid according to % correct below.
Mont-Saint-Michel
Cap-Oriental
Roussé
Un port de ferry
Saint-Lô
Pardubice
Banten
Rufisque
Maraussan
Koutiala
Chiniot
Granville
Avranches
Abéché
Saint-Vaast-la-Hougue
Bricquebec
Cap de la Hague
Siguiri
Loum
Saint-James
Flamanville
Huye
Barfleur
Torigni-sur-Vire
Genêts
Opole
Ansan
Saint-Jean-le-Thomas
Cherbourg
Jambi
Marguilan
Carentan-les-Marais
Soubré
La Hague
Arlit
Les Manchois
 
Statistiques - réponses
Réponse % Correct
Avranches
100%
Barfleur
100%
Cap de la Hague
100%
Cherbourg
100%
Granville
100%
Les habitants Les Manchois
100%
Mont-Saint-Michel
100%
Saint-Lô
100%
Saint-Vaast-la-Hougue
100%
Carentan-les-Marais
67%
Flamanville
67%
Genêts
67%
La Hague
67%
Village Saint-James
67%
Saint-Jean-le-Thomas
67%
Pour Portsmouth Un port de ferry
67%
Bricquebec
33%
Torigni-sur-Vire
33%
Aucun quiz correspondant
Distribution des résultats
% des personnes avec chaque résultat
Percentile par nombre de réponses
Votre historique - résultats
Vous n’avez pas pris ce quiz depuis la dernière actualisation